| Tag |
First Indicator |
Second Indicator |
Subfields |
| LEADER |
00000cam a2200000Ii 4500 |
| 001 |
in00004130010 |
| 005 |
20200117101553.0 |
| 008 |
190530s2019 dcua b 000 0 eng d |
| 010 |
|
|
|a 2019942276
|
| 020 |
|
|
|a 9780309480468
|q (paperback)
|
| 020 |
|
|
|a 0309480469
|q (paperback)
|
| 035 |
|
|
|a (OCoLC)on1117320512
|
| 040 |
|
|
|a UAT
|b eng
|e rda
|c UAT
|d OCLCO
|d TXA
|d UtOrBLW
|
| 049 |
|
|
|a TXAM
|
| 050 |
|
0 |
|a TE5091
|
| 050 |
0 |
4 |
|a TE7
|b .N37 no. 534
|
| 090 |
|
|
|a TE175
|b .H37 2019
|
| 100 |
1 |
|
|a Harper, Christofer,
|e author.
|0 http://id.loc.gov/authorities/names/no2018113286
|
| 245 |
1 |
0 |
|a Emerging technologies for construction delivery /
|c Christofer Harper (Colorado State University (Fort Collins, CO)) ; Daniel Tran (University of Kansas (Lawrence, KS) ; Ed Jaselskis (North Carolina State University (Raleigh, NC)).
|
| 264 |
|
1 |
|a Washington, DC :
|b Transportation Research Board,
|c 2019.
|
| 300 |
|
|
|a 6 unnumbered pages, 103 pages :
|b illustrations ;
|c 28 cm.
|
| 336 |
|
|
|a text
|b txt
|2 rdacontent
|
| 337 |
|
|
|a unmediated
|b n
|2 rdamedia
|
| 338 |
|
|
|a volume
|b nc
|2 rdacarrier
|
| 490 |
1 |
|
|a NCHRP synthesis,
|x 0547-5570 ;
|v 534
|
| 500 |
|
|
|a "A synthesis of highway practice."
|
| 500 |
|
|
|a At head of title: National Cooperative Highway Research Program.
|
| 536 |
|
|
|a Research sponsored by the American Association of State Highway and Transportation Officials in cooperation with the Federal Highway Administration
|f Project 20-05, Topic 49-02
|
| 504 |
|
|
|a Includes bibliographical references (pages 73-75).
|
| 520 |
|
|
|a "This synthesis documents the use of selected advanced technologies used for transportation highway construction projects of state departments of transportation. The technology areas are (1) visualization and modeling, (2) interconnected technologies, (3) safety technologies, (4) instrumentation and sensors, and (5) unmanned aircraft systems. Information used in this study was gathered through a literature review, a survey of state departments of transportation, and follow-up interviews with selected agencies for case examples."
|
| 530 |
|
|
|a Also available online.
|
| 650 |
|
0 |
|a Roads
|x Design and construction
|x Technological innovations.
|
| 650 |
|
0 |
|a Roads
|x Maintenance and preservation
|x Technological innovations.
|
| 650 |
|
0 |
|a Highway engineering
|x Technological innovations.
|
| 650 |
|
0 |
|a Pavements
|x Performance.
|0 http://id.loc.gov/authorities/subjects/sh85098841
|
| 700 |
1 |
|
|a Tran, Daniel,
|e author.
|0 http://id.loc.gov/authorities/names/no2015037756
|
| 700 |
1 |
|
|a Jaselskis, Edward J.,
|e author.
|0 http://id.loc.gov/authorities/names/n2004104416
|
| 710 |
2 |
|
|a Colorado State University.
|0 http://id.loc.gov/authorities/names/n50000510
|
| 710 |
2 |
|
|a University of Kansas.
|0 http://id.loc.gov/authorities/names/n79021954
|
| 710 |
2 |
|
|a North Carolina State University.
|0 http://id.loc.gov/authorities/names/n81014041
|
| 710 |
2 |
|
|a National Research Council (U.S.).
|b Transportation Research Board.
|0 http://id.loc.gov/authorities/names/n79054571
|
| 710 |
2 |
|
|a National Cooperative Highway Research Program.
|0 http://id.loc.gov/authorities/names/n79042053
|
| 710 |
2 |
|
|a American Association of State Highway and Transportation Officials.
|0 http://id.loc.gov/authorities/names/n79007717
|
| 710 |
1 |
|
|a United States.
|b Federal Highway Administration.
|0 http://id.loc.gov/authorities/names/n79032921
|
| 830 |
|
0 |
|a Synthesis of highway practice ;
|v 534.
|0 http://id.loc.gov/authorities/names/n42024277
|
| 948 |
|
|
|a cataloged
|b h
|c 2019/9/13
|d c
|e ceaton
|f 1:10:29 pm
|
| 999 |
f |
f |
|s 23d47b70-2f53-37c5-81ed-e19ab4b76c45
|i 09f83b99-216b-32d3-9107-647013b21e8f
|t 0
|
| 952 |
f |
f |
|p normal
|a Texas A&M University
|b College Station
|c Sterling C. Evans Library
|d Evans: Library Stacks
|t 0
|e TE175 .H37 2019
|h Library of Congress classification
|i unmediated -- volume
|m A14850956286
|
| 998 |
f |
f |
|a TE175 .H37 2019
|t 0
|l Evans: Library Stacks
|